El movimiento obrero hondureño: la huelga de 1954 y sus consecuencias /
Tallennettuna:
| Päätekijä: | |
|---|---|
| Aineistotyyppi: | Teksti |
| Kieli: | Spanish |
| Aiheet: | |
| Tagit: |
Lisää tagi
Ei tageja, Lisää ensimmäinen tagi!
|
MARC
| LEADER | 00000 a a2200000 04500 | ||
|---|---|---|---|
| 001 | 43274 | ||
| 003 | cru CRAI/IIS | ||
| 005 | 20210505120401.0 | ||
| 008 | 210505b |||||||| |||| 00| 0 spa d | ||
| 040 | |c cru CRAI/IIS | ||
| 100 | 1 | |a Posas Amador, Marío | |
| 245 | 1 | 3 | |a El movimiento obrero hondureño: |b la huelga de 1954 y sus consecuencias / |c Mario Posas Amador |
| 500 | |a Colección Centroamérica | ||
| 650 | |a MOVIMIENTOS OBREROS | ||
| 650 | |a HONDURAS | ||
| 650 | |a HUELGAS | ||
| 773 | |g volumen5, número15 ( , 1976), páginas 93-127 | ||
| 773 | 0 | |0 18875 |9 5478 |a Universidad de Costa Rica. |d San José, Costa Rica: Universidad de Costa Rica. Consejo Superior Universitario Centroamericano, 1972- |o 13799 |t Estudios Sociales Centroamericanos / |x 03039676 | |
| 942 | |2 ddc |c PP | ||
| 999 | |c 28266 |d 28266 | ||
